| 000 | 01701nam0a2200397 4500 | ||
|---|---|---|---|
| 001 | RU\NLR\bibl\1335680 | ||
| 005 | 20260405174025.0 | ||
| 010 |
_a978-5-7777-0397-2 _92000 |
||
| 021 |
_aRU _b2008-104334 _96148 |
||
| 035 | _a(nilc)RSL-KNO-004168307 | ||
| 035 | _a(NLR Aleph) 001320880 | ||
| 090 |
_a739091 _c739091 |
||
| 100 | _a20081222d2008 |||y0rusy50 ca | ||
| 101 | 1 |
_arus _ceng |
|
| 102 | _aRU | ||
| 105 | _aa ||||||||| | ||
| 200 | 1 |
_aФинансы бизнеса _eтеория и практика _fЭдди Маклейни _gпер. с англ. под ред. д.э.н. А. З. Бобылевой |
|
| 205 | _a7-е изд. | ||
| 210 |
_aМосква _cВесь Мир _cИНФРА-М _d2008 |
||
| 215 |
_a619, [2] с. _cил., табл. _d24 |
||
| 300 | _aЗагл. и авт. ориг.: Business finance / Eddie McLaney | ||
| 320 | _aБиблиогр.: с. 552-557 и в конце гл. | ||
| 454 | 0 |
_12001#$aBusiness finance$fEddie McLaney _1700#1$3RU\NLR\auth\7775335$7ba$aMcLaney$bE.$gEddie$4070 _tBusiness finance _aMcLaney, Eddie |
|
| 606 | 1 |
_aПредпринимательство _91161265 _3RU\NLR\auth\66147005 |
|
| 606 | 1 |
_aМенеджмент финансовый _92070634 _3RU\NLR\auth\661245361 |
|
| 610 | 0 | _aЭкономика -- Мировая экономика -- Предприятия -- Финансы -- Управление | |
| 686 |
_aУ529-93-21,0 _2rubbk |
||
| 686 | _aУ5-13 | ||
| 686 | _aУ26(0)-21 | ||
| 700 | 1 |
_4070 _8rus _7ca _aМаклейни _bЭ. _gЭдди _3RU\NLR\auth\7775332 _958260 |
|
| 801 | 0 |
_aRU _bРКП _c20081222 _grcr |
|
| 801 | 1 |
_aRU _bРГБ _c20081222 |
|
| 801 | 2 |
_aRU _bNLR _c20090304 _grcr |
|
| 942 | _cBOOK | ||
| 980 | _aNB | ||